Nárok na dávku v nezamestnanosti po návrate z iného členského štátu EÚ

Vznik nároku na dávku v nezamestnanosti v zmysle paragrafu 104 ods. 1 zákona č. 461/2003 Z. z. o sociálnom poistení. Splnenie stanovených podmienok a poistenie v nezamestnanosti nadobudnuté v inom členskom štáte EÚ. Príklady.

Gespeichert in:
Bibliographische Detailangaben
1. Verfasser: Moyzesová, Martina
Format: Buchkapitel
Sprache:Slowakisch
Schlagworte:
Tags: Tag hinzufügen
Keine Tags, Fügen Sie das erste Tag hinzu!

MARC

LEADER 00000nla$a2200000$$$4500
001 0137047
005 20220729105150.7
041 0 |a slo 
044 |a SK 
245 1 0 |a Nárok na dávku v nezamestnanosti po návrate z iného členského štátu EÚ  |c Martina Moyzesová 
520 |a Vznik nároku na dávku v nezamestnanosti v zmysle paragrafu 104 ods. 1 zákona č. 461/2003 Z. z. o sociálnom poistení. Splnenie stanovených podmienok a poistenie v nezamestnanosti nadobudnuté v inom členskom štáte EÚ. Príklady. 
610 2 0 |a poistenie sociálne 
610 2 0 |a poistenie v nezamestnanosti 
610 2 0 |a dávky poistné 
610 2 0 |a zabezpečenie sociálne 
610 2 0 |a pracovníci zahraniční 
610 2 0 |a práca v zahraničí 
610 2 0 |a Európska únia 
610 2 0 |a Slovensko 
610 2 0 |a zákony 
100 1 |a Moyzesová, Martina